000 00573nam a2200181Ia 4500
999 _c14555
_d14555
082 _a320.954 MIT-;
100 _aMitra, Subrata Kumar
245 0 _aGovernmental instability in Indian states: West Bengal, Bihar, Uttar Pradesh and Punjab
260 _aDelhi
_bAjanta Publications
_c1978
300 _a150p.
504 _aIncludes index, bibliography
650 _aPolitical stability - India
650 _aState governments - India
650 _aPolitical instability
650 _aCabinet system - India
650 _aIndia - Politics and government
942 _cBK